| 000 | 00474nam a2200181Ia 4500 | ||
|---|---|---|---|
| 001 | 11718 | ||
| 005 | 20260306162848.0 | ||
| 008 | 260306t2022||||xx |||||||||||||| ||spa|| | ||
| 041 | _aESP | ||
| 082 |
_aHR 006 _bV. 9 N° 1 2022 PC |
||
| 100 |
_aAssociation for Computing Machinery _eAUT |
||
| 245 | 0 | _aACM transactions on parallel computing | |
| 260 | _c2022 | ||
| 300 |
_avarias paginaciones : _c26 cm. |
||
| 650 | _aGEN | ||
| 654 | _aCCC | ||
| 942 |
_cREV _dJUS _fJUS _2ddc _n |
||
| 999 |
_c11718 _d11718 |
||